Halloween is a treat! / (Record no. 388860)
[ view plain ]
| 000 -LEADER | |
|---|---|
| fixed length control field | 01508nam a2200361 i 4500 |
| 001 - CONTROL NUMBER | |
| control field | zcodcb b7965616 |
| 003 - CONTROL NUMBER IDENTIFIER | |
| control field | PWmBRO |
| 005 - DATE AND TIME OF LATEST TRANSACTION | |
| control field | 20231013171333.0 |
| 007 - PHYSICAL DESCRIPTION FIXED FIELD--GENERAL INFORMATION | |
| fixed length control field | t|| |
| 008 - FIXED-LENGTH DATA ELEMENTS--GENERAL INFORMATION | |
| fixed length control field | 220630s2022 nyua a 000 1 eng d |
| 020 ## - INTERNATIONAL STANDARD BOOK NUMBER | |
| International Standard Book Number | 9781419751066 |
| 020 ## - INTERNATIONAL STANDARD BOOK NUMBER | |
| International Standard Book Number | 1419751069 |
| 040 ## - CATALOGING SOURCE | |
| Original cataloging agency | PABRO |
| Language of cataloging | eng |
| Description conventions | rda |
| Transcribing agency | PABRO |
| 092 ## - LOCALLY ASSIGNED DEWEY CALL NUMBER (OCLC) | |
| Classification number | children board book |
| Item number | Moyle |
| 100 1# - MAIN ENTRY--PERSONAL NAME | |
| Personal name | Moyle, Sabrina, |
| Relator term | author. |
| Relator code | aut. |
| 9 (RLIN) | 6006826 |
| 245 10 - TITLE STATEMENT | |
| Title | Halloween is a treat! / |
| Statement of responsibility, etc | story by Sabrina Moyle ; pictures by Eunice Moyle. |
| 264 #1 - Production, Publication, Distribution, Manufacture, and Copyright Notice. | |
| Place of production, publication, distribution, manufacture | New York, New York : |
| Name of producer, publisher, distributor, manufacturer | Abrams Appleseed, |
| Date of production, publication, distribution, manufacture, or copyr | [2022] |
| 300 ## - PHYSICAL DESCRIPTION | |
| Extent | 1 volume (unpaged) : |
| Other physical details | color illustrations ; |
| Dimensions | 18 cm. |
| 336 ## - Content Type | |
| Content type term | text |
| 337 ## - Media type | |
| Media type term | unmediated |
| 338 ## - Carrier type | |
| Carrier type term | volume |
| 500 ## - GENERAL NOTE | |
| General note | Cover title. |
| 500 ## - GENERAL NOTE | |
| General note | On board pages. |
| 520 ## - SUMMARY, ETC. | |
| Summary, etc | From the superstar creators of My Mom Is Magical! and My Dad Is Amazing! comes this spooktacular, humor-filled board book-perfect for Halloween celebrations This not-so-spooky story celebrates all things Halloween, with plenty of tricks and treats! Hello!Lucky lends their vibrant illustrations and pun-derful voice to this charming board book that is sure to tickle your funny bone. |
| 650 #0 - SUBJECT ADDED ENTRY--TOPICAL TERM | |
| Topical term or geographic name as entry element | Halloween |
| Form subdivision | Juvenile fiction. |
| 650 #0 - SUBJECT ADDED ENTRY--TOPICAL TERM | |
| Topical term or geographic name as entry element | Picture books for children. . |
| 650 #0 - SUBJECT ADDED ENTRY--TOPICAL TERM | |
| Topical term or geographic name as entry element | Board books. |
| 650 #1 - SUBJECT ADDED ENTRY--TOPICAL TERM | |
| Topical term or geographic name as entry element | Halloween |
| Form subdivision | Fiction. |
| 9 (RLIN) | 5684667 |
| 650 #1 - SUBJECT ADDED ENTRY--TOPICAL TERM | |
| Topical term or geographic name as entry element | Picture books. |
| 650 #1 - SUBJECT ADDED ENTRY--TOPICAL TERM | |
| Topical term or geographic name as entry element | Board books. |
| 700 1# - ADDED ENTRY--PERSONAL NAME | |
| Personal name | Moyle, Eunice, |
| Relator term | illustrator. |
| 9 (RLIN) | 6006831 |
| 942 ## - ADDED ENTRY ELEMENTS (KOHA) | |
| Source of classification or shelving scheme | Dewey Decimal Classification |
| Koha item type | BOOK |
| Withdrawn status | Lost status | Source of classification or shelving scheme | Damaged status | Not for loan | Collection code | Home library | Current library | Shelving location | Date acquired | Source of acquisition | Total Checkouts | Total Renewals | Full call number | Barcode | Date last seen | Date checked out | Cost, replacement price | Price effective from | Koha item type |
|---|---|---|---|---|---|---|---|---|---|---|---|---|---|---|---|---|---|---|---|
| Dewey Decimal Classification | Children Holiday Board Books | Wasatch County Library | Wasatch County Library | Main Floor Childrens Area | 10/13/2023 | Penworthy | 20 | 5 | BB Halloween Moyle | 34301002052431 | 01/27/2026 | 01/20/2026 | 7.99 | 10/13/2023 | BOOK |
